Tough safety targets call for strong action (Record no. 65928)

MARC details
000 -LEADER
fixed length control field 01080cam a2200241 4500
001 - CONTROL NUMBER
control field WB3705-02
008 - FIXED-LENGTH DATA ELEMENTS--GENERAL INFORMATION
fixed length control field 000000n2001 000 0 eng u
035 ## - SYSTEM CONTROL NUMBER
System control number (Sirsi) u110639
245 ## - TITLE STATEMENT
Title Tough safety targets call for strong action
260 ## - PUBLICATION, DISTRIBUTION, ETC.
Date of publication, distribution, etc. 2001
490 ## - SERIES STATEMENT
Series statement Construction News
Volume/sequential designation (6700) 25 January 2001, 3
490 ## - SERIES STATEMENT
Series statement New Civil Engineer
Volume/sequential designation (1383) 18 January 2001, 12(2)
520 ## - SUMMARY, ETC.
Summary, etc. Safety targets set by the Health and Safety Commission have been attacked by trade union leaders, and other industry players, as being inadequate and too soft. In response, the Construction Industry Advisory Committee has issued its own targets. These include a call for a two-thirds reduction in the number of deaths and major accidents on construction sites over the next eight years.
590 ## - LOCAL NOTE (RLIN)
Local note WB
650 ## - SUBJECT ADDED ENTRY--TOPICAL TERM
Topical term or geographic name entry element HEALTH AND SAFETY COMMISSION
650 ## - SUBJECT ADDED ENTRY--TOPICAL TERM
Topical term or geographic name entry element CONSTRUCTION INDUSTRY ADVISORY COMMITTEE
650 ## - SUBJECT ADDED ENTRY--TOPICAL TERM
Topical term or geographic name entry element TARGETS
650 ## - SUBJECT ADDED ENTRY--TOPICAL TERM
Topical term or geographic name entry element CONSTRUCTION SITES
650 ## - SUBJECT ADDED ENTRY--TOPICAL TERM
Topical term or geographic name entry element SITE SAFETY
650 ## - SUBJECT ADDED ENTRY--TOPICAL TERM
Topical term or geographic name entry element ACCIDENTS
690 ## - LOCAL SUBJECT ADDED ENTRY--TOPICAL TERM (OCLC, RLIN)
Topical term or geographic name as entry element BUILT ENVIRONMENT-BUILDING STANDARDS
942 ## - ADDED ENTRY ELEMENTS (KOHA)
Suppress in OPAC 0
Holdings
Withdrawn status Lost status Source of classification or shelving scheme Damaged status Not for loan Home library Current library Shelving location Date acquired Total Checkouts Full call number Barcode Date last seen Copy number Price effective from Koha item type
    Dewey Decimal Classification     London London News article 30/01/2001   WB3705-02 110639-1001 06/08/2019 1 06/08/2019 News article